tout les co-équipiers de Lewis Hamilton - Statistiques

Statistiques générales
  • Ce quiz a été pris 66 fois
  • Le résultat moyen est 4 sur 6
Statistiques - réponses
Nb de courses Réponse % Correct
68 George Russell
88%
78 Nico Rosberg
86%
100 Valtteri Bottas
86%
17 Fernando Alonso
81%
58 Jenson Button
67%
35 Heikki Kovaleinen
5%
Aucun quiz correspondant
Distribution des résultats
% des personnes avec chaque résultat
Percentile par nombre de réponses
Votre historique - résultats
Vous n’avez pas pris ce quiz